[Event "Odense-ch Mester-1 2018"]
[Site "Odense"]
[Date "2018.10.14"]
[Round "4"]
[White "Easwaralingam, Adesh"]
[Black "Filip Rendboe, John"]
[Result "1/2-1/2"]
[WhiteElo "2159"]
[BlackElo "2088"]
[Annotator "TA"]
[PlyCount "85"]
[EventDate "2018.10.12"]
[EventType "tourn"]
[EventCountry "DEN"]
[SourceTitle "playchess.com"]
[Source "ChessBase"]
[SourceQuality "1"]

{[%evp 18,85,0,0,8,10,10,0,0,0,0,0,0,0,0,-38,4,-46,-52,-77,-67,-93,-41,-116,-108,-147,-69,-77,-85,-86,-85,-103,-94,-91,-31,-31,-27,-64,-63,-67,-67,-67,-67,-116,0,0,0,0,0,0,0,0,0,0,0,0,0,0,0,0,0,0,0,0,0,0,0,0,0,0]} 1. e4 c5 2. Nf3 Nc6 3. Bb5 g6 4. Bxc6 dxc6 5. d3 Bg7 6. h3 e5 7. a4 {B31: Sizilianisch (Rossolimo-Variante)} (7. a3 a5 8. Be3 Qe7 9. Nbd2 Nf6 10. Nc4 Nd7 11. a4 b6 12. Qd2 Ba6 13. Bh6 Bxh6 14. Qxh6 Bxc4 15. dxc4 O-O-O 16. O-O-O Nf6 17. Qg5 Rxd1+ 18. Rxd1 Re8 19. Qe3 h5 20. Ng5 Nd7 21. Nf3 {½-½ (21) Quesada Perez,Y (2619)-Cori Tello,J (2657) Saint Louis 2017}) 7... Qe7 8. a5 Nf6 9. Na3 Nd7 10. Nc4 {LiveBook: 3 Partien} Nf8 11. Be3 f6 12. Qd2 Ne6 13. c3 $146 ({Vorgänger:} 13. Ng1 O-O 14. Ne2 Nd4 15. f4 Be6 {0-1 (28) Hammerich,S-Rendboe,J (2109) Dortmund 2018}) 13... O-O 14. O-O Rd8 15. Qc2 Bd7 16. Nh2 g5 17. g3 Nf8 18. g4 Be6 19. Rfd1 Rd7 (19... Ng6 $1 $17) 20. Kf1 (20. Nf1 $15) 20... Rad8 21. Ke2 {[#]} Rxd3 $1 {[%mdl 512]} 22. Rxd3 (22. Qxd3 Rxd3) 22... Bxc4 23. Rad1 Ne6 24. Kf3 {Droht Txd8+ und aus.} Bxd3 25. Rxd3 c4 (25... Rxd3 $17 26. Qxd3 Bf8) 26. Rxd8+ $15 Qxd8 27. b4 a6 28. Nf1 Qd3 29. Qxd3 cxd3 {[%mdl 4096] Endspiel KLS-KLS} 30. c4 {[%cal Bc3c4,Bc4c5][%mdl 32] [#]} Bf8 ({Günstiger ist} 30... c5 $1 $17 {[%mdl 512]} 31. b5 (31. bxc5 Bf8) 31... Kf7) 31. c5 $1 $11 {Die Stellung ist ausgeglichen.} Nf4 32. Bxf4 exf4 {KL-KS} 33. e5 Bg7 {Weiss muss nun ...f5! beachten.} 34. Ke4 fxe5 35. Nd2 Kf7 36. Kxd3 Ke6 37. Ke4 Bf6 38. Nc4 Bg7 39. Nd6 Bf6 40. Nf5 Bd8 41. Nd6 Bf6 42. Nf5 Bd8 43. Nd6 {Precision: Weiß = 54%, Schwarz = 55%.} 1/2-1/2

[Event "Odense-ch Mester-1 2018"]
[Site "Odense"]
[Date "2018.10.14"]
[Round "4"]
[White "Le Besq, Alexander"]
[Black "Thorsbro, Peter"]
[Result "1-0"]
[WhiteElo "2113"]
[BlackElo "2101"]
[Annotator "NA"]
[PlyCount "117"]
[EventDate "2018.10.12"]
[EventType "tourn"]
[EventCountry "DEN"]
[SourceTitle "playchess.com"]
[Source "ChessBase"]
[SourceQuality "1"]
[TimeControl "40/5400+30:1800+30"]

1. e4 {[%emt 0:00:00]} e5 {[%emt 0:00:02]} 2. Nf3 {[%emt 0:00:00]} Nc6 {[%emt 0:00:05]} 3. Bb5 {[%emt 0:00:00]} a6 {[%emt 0:00:03]} 4. Ba4 {[%emt 0:00:00]} Nf6 {[%emt 0:00:04]} 5. O-O {[%emt 0:00:05]} Be7 {[%emt 0:00:07]} 6. Re1 {[%emt 0:00:05]} b5 {[%emt 0:00:03]} 7. Bb3 {[%emt 0:00:04]} O-O {[%emt 0:00:14]} 8. h3 {[%emt 0:00:06]} d6 {[%emt 0:01:59]} 9. c3 {[%emt 0:00:07]} Bb7 {[%emt 0:01:27]} 10. d4 {[%emt 0:01:58]} h6 {[%emt 0:06:49]} 11. Nbd2 {[%emt 0:00:29]} Re8 {[%emt 0:01:53]} 12. Nf1 {[%emt 0:00:47]} Bf8 {[%emt 0:00:07]} 13. Ng3 {[%emt 0:00:14]} Na5 {[%emt 0:02:43]} 14. Bc2 {[%emt 0:00:12]} c5 {[%emt 0:00:32] LiveBook: 24 Games} 15. d5 {[%emt 0:02:39]} Bc8 {[%emt 0:05:31] C93: Closed Ruy Lopez: Smyslov Variation} (15... Nc4 16. b3 Nb6 17. Be3 g6 18. Qd2 Kh7 19. Nh2 a5 20. Bd3 b4 21. Bb5 Nbd7 22. a3 bxc3 23. Qxc3 {1-0 (50) Balogh,C (2616)-Melkumyan,H (2541) Kallithea 2008}) 16. Qe2 {[%emt 0:04:49]} Qc7 {[%emt 0:04:15]} 17. b3 {[%emt 0:04:42]} Bd7 {[%emt 0:13:07]} 18. c4 $146 {[%emt 0:02:26]} ({Predecessor:} 18. Nh4 Nb7 19. c4 Rab8 20. Nhf5 bxc4 21. bxc4 Na5 22. Bd3 Rb4 23. Bd2 Rb2 24. Bxa5 {1-0 (24) Contardo Oyarzun,J (2074)-Escudero Donoso,F (2126) Santiago de Chile 2012}) 18... g6 {[%emt 0:22:55]} 19. Bb2 {[%emt 0:04:36]} Bg7 {[%emt 0:03:56]} 20. Rf1 {[%emt 0:07:11]} Rf8 {[%emt 0:05:33]} 21. Rae1 {[%emt 0:08:09]} Rab8 {[%emt 0:07:14]} 22. Ba1 {[%emt 0:01:01]} bxc4 {[%emt 0:01:31]} 23. bxc4 {[%emt 0:00:06]} Nxc4 $2 {[%emt 0:04:05]} ({Black should try} 23... h5 $14) 24. Qxc4 {[%emt 0:01:35]} Bb5 {[%emt 0:00:02]} 25. Qc3 {[%emt 0:00:09]} Bxf1 {[%emt 0:00:02]} 26. Nxf1 {[%emt 0:01:00]} ({Bloß nicht} 26. Rxf1 $6 Rfc8 $16) 26... Nh5 {[%emt 0:02:35]} 27. Qa3 {[%emt 0:06:05]} Nf4 {[%emt 0:03:33]} 28. Ne3 {[%emt 0:01:28]} ({Weaker is} 28. Qxa6 c4 $16) 28... Qc8 {[%emt 0:04:20]} 29. Nc4 {[%emt 0:15:21]} Rb4 {[%emt 0:03:05]} 30. Na5 {[%emt 0:02:28]} ({Weaker is} 30. Nxd6 Qd8 $14) 30... f5 {[%emt 0:03:41]} 31. Nc6 {[%emt 0:01:12]} Rb7 {[%emt 0:00:39]} 32. Nd2 {[%emt 0:06:39]} fxe4 {[%emt 0:02:58]} 33. Bxe4 {[%emt 0:00:11]} Rbf7 {[%emt 0:00:44]} 34. Qg3 {[%emt 0:06:45]} Kh7 {[%emt 0:00:11]} 35. Nf3 {[%emt 0:00:41]} Rf6 {[%emt 0:00:25]} 36. Nh4 {[%emt 0:01:39]} Qe8 {[%emt 0:00:13]} 37. Bc3 {[%emt 0:03:42]} Kh8 {[%emt 0:00:59]} 38. Bd2 {[%emt 0:06:18]} g5 {[%emt 0:00:06]} 39. Nf3 {[%emt 0:00:12]} Qf7 {[%emt 0:00:33]} 40. h4 {[%emt 0:01:43]} gxh4 {[%emt 0:01:03]} 41. Nxh4 {[%emt 0:32:35]} Nxd5 {[%emt 0:07:37]} 42. Ng6+ {[%emt 0:00:00]} Rxg6 {[%emt 0:00:19]} 43. Bxg6 {[%emt 0:00:00]} Qc7 {[%emt 0:03:27]} 44. Na5 {[%emt 0:00:00]} c4 $18 {[%emt 0:08:28]} (44... Nf4 45. Bc2 Qf7) 45. Bc2 {[%emt 0:00:00]} Nf4 {[%emt 0:08:36]} 46. Bxf4 {[%emt 0:11:31]} Rxf4 {[%emt 0:00:02]} 47. Qg6 {[%emt 0:00:41]} Kg8 {[%emt 0:03:33]} 48. Rb1 {[%emt 0:00:47]} Qa7 {[%emt 0:01:38]} 49. Qg3 {[%emt 0:01:18]} Rf7 {[%emt 0:00:01]} 50. Bg6 {[%emt 0:00:32]} Rc7 {[%emt 0:00:10]} 51. Be4 {[%emt 0:00:24]} Qc5 {[%emt 0:00:47]} 52. Rb8+ {[%emt 0:00:21]} Rc8 {[%emt 0:00:01]} 53. Bd5+ {[%emt 0:00:33]} Kh8 {[%emt 0:01:34]} 54. Rxc8+ {[%emt 0:00:23]} Qxc8 {[%emt 0:00:02]} 55. Nxc4 {[%emt 0:00:13]} Qc5 {[%emt 0:00:33]} 56. Qf3 {[%emt 0:00:11]} Qb4 {[%emt 0:00:21]} 57. Qf7 {[%emt 0:00:36]} Qb8 {[%emt 0:01:13]} 58. Nxd6 {[%emt 0:00:27]} e4 {[%emt 0:00:20]} 59. Qe8+ {[%emt 0:01:07]} 1-0

[Event "Odense-ch Mester-1 2018"]
[Site "Odense"]
[Date "2018.10.14"]
[Round "4"]
[White "Rossen, Claus"]
[Black "Thestrup Ostergaard, Rasmus"]
[Result "1/2-1/2"]
[WhiteElo "2104"]
[BlackElo "2075"]
[Annotator "TA"]
[PlyCount "56"]
[EventDate "2018.10.12"]
[EventType "tourn"]
[EventCountry "DEN"]
[SourceTitle "playchess.com"]
[Source "ChessBase"]
[SourceQuality "1"]

{[%evp 21,56,-3,41,34,34,36,31,38,37,30,30,30,43,27,75,38,40,0,21,28,106,48,113,101,145,47,93,56,66,32,39,35,77,77,77,84,118]} 1. e4 e5 2. Nf3 Nc6 3. d4 exd4 4. Nxd4 Nf6 {[%cal Bg8f6,Bf6d5,Bd5b6][%mdl 32]} 5. Nxc6 bxc6 6. e5 Qe7 7. Qe2 Nd5 8. c4 Nb6 9. Nd2 g6 {C45: Scotch Game} 10. Ne4 Bg7 11. Nf6+ (11. Bg5 Qb4+ 12. Qd2 Qxd2+ 13. Kxd2 Bxe5 14. Nf6+ Bxf6 15. Re1+ Kf8 16. Bxf6 Rg8 {1-0 (27) Howell,D (2676)-Eljanov,P (2711) Riadh 2017}) 11... Bxf6 {LiveBook: 5 Games. The position is equal.} (11... Kd8 {feels hotter.} 12. b3 d6 13. h4 Qxe5 14. Qxe5 dxe5 15. Bg5 Ke7) 12. exf6 {[%csl Gf6][%cal Re2e7] [#]} Qxe2+ 13. Bxe2 O-O 14. Be3 Re8 15. O-O-O d5 16. cxd5 cxd5 17. Rhe1 $146 {[%mdl 2048] White has good play.} ({Predecessor:} 17. Bb5 Re6 {1-0 (43) Haring,F (2328)-Jablonicky,M (2296) Senica 2017}) 17... Bb7 18. Bf3 Re6 19. Bd4 Rae8 (19... c5 $5 20. Bc3 (20. Bxc5 Rc8 $11) 20... Rb8 $11) 20. Rxe6 Rxe6 (20... fxe6 $11 {remains equal.} 21. Rd3 c5) 21. b4 (21. Rd3 $16) 21... c6 (21... a6 $14) 22. Kc2 $16 Ba6 23. Kc3 (23. a4 $16) 23... Bc4 24. a3 Kf8 25. Kd2 Bb3 26. Rc1 {Hoping for Bg4.} Ba4 27. Be2 Re4 28. Be3 Re6 {Precision: White = 38%, Black = 43%.} 1/2-1/2

[Event "Odense-ch Mester-1 2018"]
[Site "Odense"]
[Date "2018.10.14"]
[Round "5"]
[White "Ostergaard, Rasmus"]
[Black "Easwaralingam, Adesh"]
[Result "0-1"]
[WhiteElo "2114"]
[BlackElo "2159"]
[Annotator "NA"]
[PlyCount "64"]
[EventDate "2018.10.12"]
[EventType "tourn"]
[EventCountry "DEN"]
[SourceTitle "playchess.com"]
[Source "ChessBase"]
[SourceQuality "1"]
[TimeControl "40/5400+30:1800+30"]

1. Nf3 {[%emt 0:00:00]} Nf6 {[%emt 0:00:00]} 2. b3 {[%emt 0:00:00]} d5 {[%emt 0:00:17]} 3. e3 {[%emt 0:01:16]} e6 {[%emt 0:00:56]} 4. Bb2 {[%emt 0:00:17]} b6 {[%emt 0:01:44]} 5. c4 {[%emt 0:00:35]} Bb7 {[%emt 0:01:06]} 6. Be2 {[%emt 0:00:41]} Be7 {[%emt 0:01:17]} 7. O-O {[%emt 0:01:00]} O-O {[%emt 0:00:28]} 8. cxd5 {[%emt 0:12:20]} Nxd5 {[%emt 0:02:51]} 9. d4 {[%emt 0:01:48]} Nd7 {[%emt 0:02:04]} 10. Nbd2 {[%emt 0:01:17]} c5 {[%emt 0:03:43]} 11. Rc1 {[%emt 0:01:37]} Rc8 {[%emt 0:02:22]} 12. Nc4 {[%emt 0:02:22]} Qc7 {[%emt 0:07:32]} 13. dxc5 {[%emt 0:02:05]} Bxc5 {[%emt 0:01:05]} 14. Nfe5 {[%emt 0:02:53]} Nxe5 {[%emt 0:00:37]} 15. Bxe5 {[%emt 0:00:21]} Qe7 {[%emt 0:00:07]} 16. Bd4 {[%emt 0:21:45]} Qg5 {[%emt 0:10:54]} 17. Bf3 {[%emt 0:01:49]} Rfd8 {[%emt 0:01:07]} 18. Bxc5 {[%emt 0:00:42]} Nc3 {[%emt 0:00:57]} 19. Be7 Qxe7 {[%emt 0:06:44]} 20. Qc2 {[%emt 0:04:50]} Bxf3 {[%emt 0:01:22]} 21. gxf3 {[%emt 0:01:29]} Qg5+ {[%emt 0:17:55]} 22. Kh1 {[%emt 0:00:50]} Qh5 {[%emt 0:02:47]} 23. Qxc3 {[%emt 0:02:21]} Qxf3+ {[%emt 0:00:06]} 24. Kg1 {[%emt 0:00:10]} Rc5 {[%emt 0:01:55]} 25. Ne5 {[%emt 0:00:56]} Qf5 {[%emt 0:00:29]} 26. Qb4 {[%emt 0:06:02]} Rxe5 {[%emt 0:09:50]} 27. Qe7 {[%emt 0:02:56]} Qg4+ {[%emt 0:00:47]} 28. Kh1 {[%emt 0:00:12]} Qf3+ {[%emt 0:00:20]} 29. Kg1 {[%emt 0:00:08]} Rf8 {[%emt 0:01:01]} 30. Rfd1 {[%emt 0:00:43]} h6 {[%emt 0:00:41]} 31. Rd7 {[%emt 0:01:14]} Rg5+ {[%emt 0:00:26]} 32. Kf1 {[%emt 0:00:20]} Qh1+ {[%emt 0:00:05]} 0-1

[Event "Odense-ch Mester-1 2018"]
[Site "Odense"]
[Date "2018.10.14"]
[Round "5"]
[White "Thorsbro, Peter"]
[Black "Rossen, Claus"]
[Result "1/2-1/2"]
[WhiteElo "2101"]
[BlackElo "2104"]
[Annotator "ChessBase"]
[PlyCount "112"]
[EventDate "2018.10.12"]
[EventType "tourn"]
[EventCountry "DEN"]
[SourceTitle "playchess.com"]
[Source "ChessBase"]
[SourceQuality "1"]
[TimeControl "40/5400+30:1800+30"]

1. d4 {[%emt 0:00:00]} g6 {[%emt 0:00:00]} 2. c4 {[%emt 0:00:00]} Bg7 {[%emt 0:00:16]} 3. e4 {[%emt 0:00:14]} d6 {[%emt 0:00:06]} 4. Nc3 {[%emt 0:00:49]} Nc6 {[%emt 0:00:06]} 5. Be3 {[%emt 0:00:26]} e5 {[%emt 0:00:17]} 6. Nge2 {[%emt 0:00:24]} exd4 {[%emt 0:03:18]} 7. Nxd4 {[%emt 0:00:09]} Nge7 {[%emt 0:00:06]} 8. Be2 {[%emt 0:00:42]} O-O {[%emt 0:00:07]} 9. O-O {[%emt 0:00:26]} f5 {[%emt 0:04:10]} 10. exf5 {[%emt 0:06:28]} Nxf5 {[%emt 0:03:22]} 11. Nxf5 {[%emt 0:00:41]} Bxf5 {[%emt 0:00:49]} 12. c5 {[%emt 0:08:18]} Kh8 {[%emt 0:09:48]} 13. cxd6 {[%emt 0:02:51]} Qxd6 {[%emt 0:02:33]} 14. Qxd6 {[%emt 0:00:54]} cxd6 {[%emt 0:00:05]} 15. Rad1 {[%emt 0:00:16]} Be5 {[%emt 0:03:35]} 16. Rd2 {[%emt 0:01:29]} Be6 {[%emt 0:12:17]} 17. Rfd1 {[%emt 0:02:14]} a6 {[%emt 0:01:41]} 18. Nd5 {[%emt 0:14:44]} Bxd5 {[%emt 0:07:34]} 19. Rxd5 {[%emt 0:00:04]} Bxb2 {[%emt 0:00:33]} 20. Rxd6 {[%emt 0:03:58]} Rad8 {[%emt 0:07:03]} 21. Rxd8 {[%emt 0:14:20]} Rxd8 {[%emt 0:00:06]} 22. Rb1 {[%emt 0:01:34]} Bd4 {[%emt 0:03:13]} 23. Rxb7 {[%emt 0:00:56]} Bxe3 {[%emt 0:01:09]} 24. fxe3 {[%emt 0:00:02]} Rd2 {[%emt 0:01:40]} 25. Bxa6 {[%emt 0:03:02]} Rxa2 {[%emt 0:00:47]} 26. Bb5 {[%emt 0:04:35]} Ne5 {[%emt 0:01:06]} 27. Re7 {[%emt 0:01:35]} Ng4 {[%emt 0:01:56]} 28. h3 {[%emt 0:01:51]} Ra1+ {[%emt 0:04:47]} 29. Bf1 {[%emt 0:00:03]} Nh2 {[%emt 0:00:04]} 30. Kxh2 {[%emt 0:00:05]} Rxf1 {[%emt 0:00:03]} 31. Kg3 {[%emt 0:00:32]} Kg8 {[%emt 0:00:58]} 32. Kg4 {[%emt 0:01:11]} h6 {[%emt 0:02:41]} 33. g3 {[%emt 0:04:59]} Rf2 {[%emt 0:07:49]} 34. Ra7 {[%emt 0:11:34]} Rf5 {[%emt 0:06:37]} 35. Ra3 {[%emt 0:09:32]} h5+ {[%emt 0:09:39]} 36. Kh4 {[%emt 0:00:12]} Rf3 {[%emt 0:00:24]} 37. g4 {[%emt 0:01:30]} Kf7 {[%emt 0:02:15]} 38. Ra7+ {[%emt 0:02:35]} Kf8 {[%emt 0:00:26]} 39. Ra8+ {[%emt 0:01:02]} Kf7 {[%emt 0:00:05]} 40. Ra7+ {[%emt 0:00:02]} Kf8 {[%emt 0:00:07]} 41. gxh5 {[%emt 0:32:22]} gxh5 {[%emt 0:30:04]} 42. Ra3 {[%emt 0:00:09]} Kf7 {[%emt 0:00:13]} 43. Kxh5 {[%emt 0:00:12]} Rxh3+ {[%emt 0:00:09]} 44. Kg4 {[%emt 0:00:02]} Rh1 {[%emt 0:01:06]} 45. Kf5 {[%emt 0:00:15]} Rh5+ {[%emt 0:00:05]} 46. Ke4 {[%emt 0:00:05]} Ke6 {[%emt 0:00:20]} 47. Ra6+ {[%emt 0:00:04]} Ke7 {[%emt 0:00:03]} 48. Kd4 {[%emt 0:00:08]} Rg5 {[%emt 0:00:20]} 49. e4 {[%emt 0:00:07]} Rh5 {[%emt 0:00:03]} 50. Ke3 {[%emt 0:00:38]} Rb5 {[%emt 0:00:28]} 51. Kf4 {[%emt 0:00:07]} Rc5 {[%emt 0:00:03]} 52. Rh6 {[%emt 0:00:31]} Rb5 {[%emt 0:00:07]} 53. Ra6 {[%emt 0:02:59]} Rc5 {[%emt 0:00:08]} 54. Ke3 {[%emt 0:00:04]} Rb5 {[%emt 0:00:12]} 55. Kd4 {[%emt 0:00:04]} Rh5 {[%emt 0:00:06]} 56. e5 {[%emt 0:00:14]} Rh1 {[%emt 0:00:06]} 1/2-1/2